1079 1223 1689 1186 1429 1802 1925 1684 1488 1948 1636 1509 1551 1738 1625 1435 1328 1044 1266 1336 1555 1798 1549 1346 1460 1430 1587 1514 1712 1972 1703 1040 1065 1047 1315 1026 1521 1350 1305 1107 1989 1861 1476 1714 1627 1525 1091 1361 1651 1488 1793 1836 1339 1384 1882 1410 1029 1445 1646 1694 1844 1603 1784 1092 1373 1400 1095 1479 1422 1079 1355 1173 1761 1890 1778 1679 1802 1558 1245 1020 1231 1784 1657 1762 1125 1382 1331 1865 1175 1498 1338 1575 1459 1726 1783 1323 1166 1342 1369 BCNSPRNW ULIB Ver.6.0+V

เปลี่ยนเป็นภาษาไทย

Change to English
 แสดงรายละเอียดบรรณานุกรม
  กลับหน้าหลัก

Brief Record : Get Marc (ISO 2709) : E-mail record : QR code < ปิดหน้าต่าง
LEADER : 00000nam 2200000uu 4500
001    13399114654
003     ULIB
008    120426s2552||||th 000 0 tha d
020    ^a9749741111305
050  0 ^aPE1116.N8^bธ129M 2552
110 1  ^aโรงพยาบาลศิริราช.^bฝ่ายการพยาบาล
245 10 ^aMay i help you พูดง่ายๆสไตล์พยาบาล^cฝ่ายการพยาบาล โรงพยาบาลศิริราช
250    ^aพิมพ์ครั้งที่ 2
260    ^aนนทบุรี : ^bปริ้นโอเชี่ยน,^c2552
300    ^a190 หน้า
650  0 ^aภาษาอังกฤษ^xการใช้ภาษา^xพยาบาล
650  0 ^aภาษาอังกฤษ^xบทสนทนาและวลี
700 0  ^aธชพร เทศะศิลป์
945    ^p200^l0^i15908
945    ^p200^l0^i19243
945    ^p200^l0^i19244
995    ^aกัณชพร
999    ^aใช้งานได้ทุกระบบ
รายการนี้ยังไม่มีแท็ก
คุณยังไม่ได้ล็อกอิน คุณสามารถมีกิจกรรมร่วมกับเว็บไซต์ได้ แต่ต้องล็อกอินก่อน ::
  ล็อกอิน

รายการสื่อสารสนเทศ

ลำดับที่ ประเภท เลขเรียก/บาร์โค้ด สถานที่ สถานะ
- ไม่พบข้อมูล -

BibComment


ยังไม่เคยถูกคอมเมนท์

คอมเมนท์ทรัพยากรรายการนี้
  คอมเมนท์: May i help you พ..


 Copyright 2026. Bcnsprnw @Library